00344nam a22001217a 4500082002400000100001800024245005800042260003600100300002300136526003700159650000800196700001800204 a530bMINcL-6, P-29 aMinhaj ud Din aMatriculation science part-1 (physics)cMinhaj ud Din aLahorebSh. Minhaj ud dinc1959 aviii, 320.:bill,; a0b0c0d530_000000000000000_MIN aMCE aMinhaj ud Din